[Event "GER-ch U25-B"]
[Site "Willingen"]
[Date "2017.06.09"]
[Round "8"]
[White "Hierl, Johannes"]
[Black "Loeding, Sarah Marie"]
[Result "0-1"]
[WhiteElo "1275"]
[BlackElo "1120"]
[PlyCount "44"]
[EventDate "2017.06.04"]
[EventType "swiss"]
[EventRounds "9"]
[EventCountry "GER"]
[SourceTitle "CBM 178 Extra"]
[Source "ChessBase"]
[SourceDate "2017.06.22"]
[SourceVersion "1"]
[SourceVersionDate "2017.06.22"]
[SourceQuality "1"]

1. Nc3 d5 2. e4 e6 3. exd5 exd5 4. d4 Nf6 5. Bd3 Bb4 6. Qe2+ Be6 7. Bd2 Nc6 8. Nf3 0-0 9. 0-0-0 Bg4 10. h3 Nxd4 11. Qf1 Nxf3 12. hxg4 Nxd2 13. Rxd2 d4 14. Rd1 g6 15. Ne4 Nxg4 16. Be2 Qd5 17. Nd2 Bxd2+ 18. Kxd2 Qg5+ 19. Ke1 Qa5+ 20. Rd2 Rfe8 21. Rh4 h5 22. g3 Qxa2 0-1

[Event "GER-ch U25-B"]
[Site "Willingen"]
[Date "2017.06.06"]
[Round "4"]
[White "Hoppstaedter, Daniel"]
[Black "Loeding, Sarah Marie"]
[Result "0-1"]
[WhiteElo "911"]
[BlackElo "1120"]
[PlyCount "60"]
[EventDate "2017.06.04"]
[EventType "swiss"]
[EventRounds "9"]
[EventCountry "GER"]
[SourceTitle "CBM 178 Extra"]
[Source "ChessBase"]
[SourceDate "2017.06.22"]
[SourceVersion "1"]
[SourceVersionDate "2017.06.22"]
[SourceQuality "1"]

1. e4 e5 2. f4 exf4 3. Nf3 g5 4. d4 g4 5. Ne5 Qh4+ 6. g3 fxg3 7. Bg2 gxh2+ 8. Kf1 d6 9. Nd3 g3 10. Bf4 Bh3 11. Qf3 Nc6 12. c3 Bh6 13. Bxg3 Qg4 14. Qxg4 Bxg4 15. Rxh2 0-0-0 16. Bh3 Bxh3+ 17. Rxh3 Bg7 18. Bh4 Re8 19. Nd2 Nf6 20. Bxf6 Bxf6 21. Rf3 Bg5 22. Nc4 Rxe4 23. Rxf7 h5 24. Rg7 Rf8+ 25. Kg2 Rg4+ 26. Kh1 Rf3 27. Rg8+ Kd7 28. Rg7+ Ke6 29. Re1+ Kf6 30. Rxg5 Rh3# 0-1

[Event "GER-ch U25-B"]
[Site "Willingen"]
[Date "2017.06.04"]
[Round "2"]
[White "Braeutigam, Alexander"]
[Black "Loeding, Sarah Marie"]
[Result "1-0"]
[WhiteElo "1039"]
[BlackElo "1120"]
[PlyCount "69"]
[EventDate "2017.06.04"]
[EventType "swiss"]
[EventRounds "9"]
[EventCountry "GER"]
[SourceTitle "CBM 178 Extra"]
[Source "ChessBase"]
[SourceDate "2017.06.22"]
[SourceVersion "1"]
[SourceVersionDate "2017.06.22"]
[SourceQuality "1"]

1. c4 e5 2. Nc3 Nf6 3. d3 c6 4. Nf3 d6 5. Bg5 Be7 6. g3 Bg4 7. Bg2 0-0 8. 0-0 Nbd7 9. h3 Bh5 10. Qb3 Rb8 11. Qa3 a6 12. Rfe1 d5 13. Bxf6 Nxf6 14. Qb3 d4 15. Nd1 Qc7 16. e3 dxe3 17. Rxe3 Bd6 18. Nc3 Rfe8 19. Rae1 h6 20. Nh4 g5 21. Nf5 Kh7 22. Be4 Nxe4 23. Nxe4 Re6 24. Nexd6 Bg6 25. Rxe5 Rxe5 26. Rxe5 Bxf5 27. Rxf5 Qxd6 28. Rxf7+ Kg6 29. Rxb7 Re8 30. c5 Qf6 31. Qc3 Qf8 32. g4 Re2 33. Qd4 Re6 34. Qd7 Rf6 35. Qh7# 1-0